Представление документа в формате MARC21

Поле Инд. ПП Название Значение
Тип записи a
Библиографический уровень m
001 Контрольный номер RU/LIBMSTU/257941140
005 Дата корректировки 20230109151609.2
008 Кодируемые данные 080313|||||||||ru |||||||||||000|||rus||
020 a ISBN 5-466-00200-3
c Цена, тираж 250-00
040 b Код языка каталог. rus
041 0_ a Код языка текста rus
084 a Индекс другой классификации/Индекс ББК 67.404.91
090 a Полочн. индекс 67.404.91
x Авторский знак П 71
245 10 a Заглавие Предпринимательское (хозяйственное) право
b Продолж. заглавия учебник
c Ответственность [Вознесенская Н. Н. и др.] ; под ред. В. В. Лаптева, С. С. Занковского ; Рос. акад. наук, Ин-т государства и права, Акад. правовой ун-т
260 a Место издания Москва
b Издательство Волтерс Клувер
c Дата издания 2006
300 a Объем 538, [1] с.
440 _7 a Серия Серия "Библиотека студента"
650 04 a Основная рубрика Предпринимательское право-Учебные издания для высших учебных заведений
653 0_ a Ключевые слова Предпринимательское право
653 1_ a Ключевые слова Хозяйственное право
653 1_ a Ключевые слова Предприятия
653 1_ a Ключевые слова Производственно-хозяйственные комплексы
653 1_ a Ключевые слова Конкуренция
653 1_ a Ключевые слова Правовые инновации
653 1_ a Ключевые слова Предпринимательство
700 12 a Другие авторы Лаптев В. В.
e Роль лиц ред.
901 t Тип документа m
952 c Вид литературы учебник